<?xml version="1.0" encoding="UTF-8"?><?xml-stylesheet type="text/xsl" href="static/style.xsl"?><OAI-PMH xmlns="http://www.openarchives.org/OAI/2.0/" xmlns:xsi="http://www.w3.org/2001/XMLSchema-instance" xsi:schemaLocation="http://www.openarchives.org/OAI/2.0/ http://www.openarchives.org/OAI/2.0/OAI-PMH.xsd"><responseDate>2026-04-26T23:12:47Z</responseDate><request verb="GetRecord" identifier="oai:repisalud.isciii.es:20.500.12105/26117" metadataPrefix="marc">https://repisalud.isciii.es/rest/oai/request</request><GetRecord><record><header><identifier>oai:repisalud.isciii.es:20.500.12105/26117</identifier><datestamp>2025-12-18T12:59:35Z</datestamp><setSpec>com_20.500.12105_19586</setSpec><setSpec>com_20.500.12105_2202</setSpec><setSpec>col_20.500.12105_19587</setSpec></header><metadata><record xmlns="http://www.loc.gov/MARC21/slim" xmlns:dcterms="http://purl.org/dc/terms/" xmlns:doc="http://www.lyncode.com/xoai" xmlns:xsi="http://www.w3.org/2001/XMLSchema-instance" xsi:schemaLocation="http://www.loc.gov/MARC21/slim http://www.loc.gov/standards/marcxml/schema/MARC21slim.xsd">
   <leader>00925njm 22002777a 4500</leader>
   <datafield ind2=" " ind1=" " tag="042">
      <subfield code="a">dc</subfield>
   </datafield>
   <datafield ind2=" " ind1=" " tag="720">
      <subfield code="a">Álvarez Flores, María Beatriz</subfield>
      <subfield code="e">author</subfield>
   </datafield>
   <datafield ind2=" " ind1=" " tag="720">
      <subfield code="a">Sopeña Corvinos, María</subfield>
      <subfield code="e">author</subfield>
   </datafield>
   <datafield ind2=" " ind1=" " tag="720">
      <subfield code="a">Guillén Santos, Raquel</subfield>
      <subfield code="e">author</subfield>
   </datafield>
   <datafield ind2=" " ind1=" " tag="720">
      <subfield code="a">Cava Valenciano, Fernando</subfield>
      <subfield code="e">author</subfield>
   </datafield>
   <datafield ind2=" " ind1=" " tag="260">
      <subfield code="c">2024-11-05</subfield>
   </datafield>
   <datafield ind2=" " ind1=" " tag="520">
      <subfield code="a">Flow cytometry plays a fundamental role in the diagnosis of leukemias and lymphomas, as well as in the follow-up and evaluation of minimally measurable disease after treatment. In some instances, such as in the case of acute promyelocytic leukemia (APL), rapid diagnosis is required to avoid death due to serious blood clotting or bleeding complications. Given that promyelocytes do not express the glycophosphatidylinositol (GPI)-anchored protein CD16 and that deficient CD16 expression is a feature of some CD16 polymorphisms and paroxysmal nocturnal hemoglobinuria (PNH), we included the GPI anchor probe FLAER aerolysin in the APL flow cytometry probe panel. Initial tests showed that FLAER binding was absent in pathological promyelocytes from APL patients but was consistently detected with high intensity in healthy promyelocytes from control bone marrow. FLAER binding was studied in 71 hematologic malignancies. Appropriate control cells were obtained from 16 bone marrow samples from patients with idiopathic thrombocytopenic purpura and non-infiltrated non-Hodgkin's lymphoma. Compared with the positive FLAER signal in promyelocytes from healthy bone marrow, malignant promyelocytes from APL patients showed weak or negative FLAER binding. The FLAER signal in APL promyelocytes was also lower than that in control myeloid progenitors and precursors from patients with other forms of acute myeloid leukemia (AML), B-cell acute lymphoblastic leukemia, or myelodysplastic syndrome. Minimal measurable disease studies performed in APL patients after treatment found normal promyelocyte expression when minimal measurable disease was negative and FLAER-negative promyelocytes when disease relapse was detected. The inclusion of FLAER in the flow cytometry diagnosis and follow-up of APL could be very helpful. Decreased FLAER binding was found in all cases of APL, confirmed by the detection of the PML-RARA fusion transcript and, to a lesser extent, in the other AMLs studied. This study also revealed FLAER differences in other acute leukemias and even between different precursors (myeloid and lymphoid) from healthy controls. However, the reason for FLAER's non-binding to the malignant precursors of these leukemias remains unknown, and future studies should explore the possible relation with an immune escape phenomenon in these leukemias.</subfield>
   </datafield>
   <datafield ind1="8" ind2=" " tag="024">
      <subfield code="a">Int J Mol Sci. 2024 Nov 5;25(22):11898.</subfield>
   </datafield>
   <datafield ind1="8" ind2=" " tag="024">
      <subfield code="a">https://hdl.handle.net/20.500.12105/26117</subfield>
   </datafield>
   <datafield ind1="8" ind2=" " tag="024">
      <subfield code="a">39595968</subfield>
   </datafield>
   <datafield ind1="8" ind2=" " tag="024">
      <subfield code="a">International Journal of Molecular Sciences</subfield>
   </datafield>
   <datafield tag="653" ind2=" " ind1=" ">
      <subfield code="a">FLAER</subfield>
   </datafield>
   <datafield tag="653" ind2=" " ind1=" ">
      <subfield code="a">PML-RARA</subfield>
   </datafield>
   <datafield tag="653" ind2=" " ind1=" ">
      <subfield code="a">acute myeloid leukemia</subfield>
   </datafield>
   <datafield tag="653" ind2=" " ind1=" ">
      <subfield code="a">acute promyelocytic leukemia</subfield>
   </datafield>
   <datafield tag="653" ind2=" " ind1=" ">
      <subfield code="a">flow cytometry</subfield>
   </datafield>
   <datafield tag="653" ind2=" " ind1=" ">
      <subfield code="a">immunophenotype</subfield>
   </datafield>
   <datafield tag="653" ind2=" " ind1=" ">
      <subfield code="a">minimal measurable disease</subfield>
   </datafield>
   <datafield tag="653" ind2=" " ind1=" ">
      <subfield code="a">paroxysmal nocturnal hemoglobinuria</subfield>
   </datafield>
   <datafield ind2="0" ind1="0" tag="245">
      <subfield code="a">Fluorescent Aerolysin (FLAER) Binding Is Abnormally Low in the Clonal Precursors of Acute Leukemias, with Binding Particularly Low or Absent in Acute Promyelocytic Leukemia.</subfield>
   </datafield>
</record></metadata></record></GetRecord></OAI-PMH>